| 000 | 00846nam a2200265 i 4500 | ||
|---|---|---|---|
| 001 | 000036153 | ||
| 003 | DO-SdBNP | ||
| 005 | 20260216084926.0 | ||
| 008 | 111220s1957 ag r 000 0 spa d | ||
| 040 |
_aDO-SdBNP _bspa _cBNPHU _erda |
||
| 041 | _aspa | ||
| 082 | 4 |
_axxxx _bF933 1957 _222 |
|
| 100 | 1 |
_aFrondizi, Risieri _962188 _4aut. _eautor |
|
| 245 | 1 | 3 |
_aEl punto de partida del filosofar / _cRisieri Frondizi. |
| 250 | _aSegunda edición | ||
| 264 |
_aBuenos Aires : _bLosada., _c1957. |
||
| 300 |
_a156 páginas ; _c20 cm. |
||
| 336 |
_atexto _btxt _2rdacontent |
||
| 337 |
_asin mediación _bn _2rdamedia |
||
| 338 |
_avolumen _bnc _2rdacarrier |
||
| 490 | 1 | _aBiblioteca filosófica | |
| 590 | _aPerteneció a la biblioteca personal de Juan Isidro Jimenes Grullón | ||
| 830 | 0 |
_aBiblioteca filosófica _960733 |
|
| 942 |
_2ddc _cLBS1 |
||
| 999 |
_c35644 _d35644 |
||